01857njm a2200289Ia 450000100060000000300090000600500170001500800410003204000130007304000130008699900170009999900090011610000160012510000250014110000430016624500270020925000110023626000110024726000580025830000100031630000290032650001170035550507930047265000550126594200120132095202350133266271IT-RoPAU20220918181121.0131025s9999 xx 000 0 und d aIT-RoPAU cIT-RoPAU c99777d99777 bn.d. aAA.VV.9794 eAutore musica923662 gCodice autore musica SPICS: 120009796 aEffetti sonori vol. 04 a1a ed. aMILANO bSCIASCIAc1974 [1a Ed.:1974 - Ed. Lingua Orig.: 1974] aDISCO c23 minuti (Testo: pag.) aModerna collezione di effetti sonori per uso industriale, radio, tv, cinema, teatro, pubblicità e cineamatori. aStazione ferroviaria arrivo di elettrotreno delle FF.SS - Treno (chisura porte e partenza) - Annunci di partenza treni - Pettirosso - Merlo - Uccelli in giardino - Pulcini - Cani in cortile - Pioggia scrosciante con violenti tuoni - Pioggia sulla finestra - Pelota basca - Trapano elettrico che fora il legno - Fresa per legno - Guiros brasiliano - Vibrafono - Metropolitana stazione in superficie e stazione sotterranea (arrivo e partenza convoglio) - Autobotte (chiusura portiere e partenza) - Calcolatrice elettrica - Cava di ghiaia - Bulldozer al lavoro - Carrello che carica e scarica ghiaia - Tamburello basco con due ritmi differenti - Pianoforte (note gravi) - Cascata del Toce - Aereo monoposto da turismo - Carriola a mano che cigola - Treno elettrico locale effetto elettronico aRUMORI [DISCHI]eCodice MATERIA SPICS: 9950923663 cMD2ddc 001040666271_00000000000000071aSPICSbSPICSd2013-10-25l0o66271r2013-10-25 00:00:00w2013-10-25yMDzProgr. Ins.: 16272 / N.Vol.: 1 / Copie: 1 - Copia rara: n.d. / date import: 01.01.2014 - By Epidotti, Trombetti, Vaglietti